| 000 | 02284nam0a2200373 4500 | ||
|---|---|---|---|
| 001 | RU\NLR\bibl\1130373 | ||
| 005 | 20260405140848.0 | ||
| 010 |
_a978-5-91367-013-7 _9200 |
||
| 021 |
_aRU _b2007-54128 _92874 |
||
| 035 | _a(nilc)RSL-KNO-003156532 | ||
| 035 | _a(NLR Aleph) 001117293 | ||
| 090 |
_a1275776 _c1275776 |
||
| 100 | _a20070821d2007 |||y0rusy50 ca | ||
| 101 | 0 |
_arus _afre |
|
| 102 | _aRU | ||
| 105 | _ay zzzz||||| | ||
| 200 | 1 |
_aОбщественно-политическое устройство Франции _dOrganisation du système politique et social en France _eучебно-методическое пособие _fТ.С. Топчиева _gИн-т стран Азии и Африки, МГУ им. М.В. Ломоносова, Каф. западноевроп. яз. _zfre |
|
| 210 |
_aМосква _cГуманитарий _d2007 |
||
| 215 |
_a119 с. _d20 |
||
| 300 | _aЧасть текста на фр. яз. | ||
| 510 | 0 |
_6z20790 _aOrganisation du système politique et social en France _zfre |
|
| 606 | 1 |
_aФранцузский язык _jУчебно-методические пособия _91524672 _3RU\NLR\auth\66964829 |
|
| 610 | 0 | _aФилологические науки. Художественная литература -- Языкознание -- Индоевропейские языки -- Романские языки -- Галло-романские языки -- Французский язык -- Преподавание и методика изучения языка -- Хрестоматии. Книги для чтения. Адаптированные издания -- Хрестоматии по отдельным отраслям знания -- Хрестоматии по страноведению: Франция | |
| 686 |
_aШ147.11-944:Д _2rubbk |
||
| 686 |
_aШ147.11-93рус _bД890(4Фр) |
||
| 700 | 1 |
_4070 _8rus _7ca _aТопчиева _bТ. С. _gТатьяна Сергеевна _3RU\NLR\auth\7757026 _939958 |
|
| 790 | 1 |
_4070 _8rus _7ba _aTopčieva _bT. S. _gTat'jana Sergeevna _3RU\NLR\auth\7757027 _939959 |
|
| 801 | 0 |
_aRU _bРКП _c20070821 _grcr |
|
| 801 | 1 |
_aRU _bРГБ _c20070821 |
|
| 801 | 2 |
_aRU _bNLR _c20070919 _grcr |
|
| 830 | _aАвт. по кн. | ||
| 942 | _cBOOK | ||
| 980 | _aNB | ||